000 00736nam a2200229 a 4500
008 951213s1978||||[C 0 slo c
040 _aSNK
_bslo
_cSNK
_eAACR2
041 1 _aslo
_heng
044 _axo
_cSK
080 _a820-3
100 1 _aDefoe, Daniel
_4aut
245 1 0 _aMoll Flandersová
_cDaniel Defoe ; Rudolf Koštial, Pavel Hrach
250 _a4., vyd.
260 _aBratislava
_bTatran
_c1978
_eBratislava
_fSvornosť
300 _a288 s., 17,88 AH
_c21 cm
490 0 _aZlatý fond svetovej literatúry
_vZv. 11.
500 _aSéria: Daniel Defoe. Zv. 2. Tit. dvojlist. V tomto výbere 1. vyd. Cena za 1.-3. zv. 60 Kčs.
700 1 _aKoštial, Rudolf
_4trl
700 1 _aHrach, Pavel
_4bkd
020 _c60
958 _aA
999 _c10257
_d10257